000
00328nam a22001337a 4500
008
250320b |||||||| |||| 00| 0 eng d
020
_a
0883120372
050
_a
PL8273
_b
.A35
100
_a
ADIVE, R. John
245
_a
The Verbal Plece in Ebira
260
_a
Nigeria
_b
Summer Institute
_c
1990
300
_a
xii,164p.
942
_c
BK
999
_c
2541
_d
2541